000 00456nam a2200181Ia 4500
001 18776
005 20260306171655.0
008 260306s9999||||xx |||||||||||||| ||und||
041 _aESP
082 _a658.5
_bG43
100 _aGibellini, Renato
_eAUT
245 0 _aProyectos producción y logística:
_btécnicas de aplicación
260 _c1999
300 _a414 páginas :
_c23 cm.
650 _aGEN
654 _aCAN
942 _cLIB
_dJUS
_fJUS
_2ddc
_n
999 _c18776
_d18776